000
00258nam a2200109Ia 4500
008
190216s9999||||xx |||||||||||||| ||und||
100
_a
Ram Prasad
245
0
_a
Hindi-Work Shop Practice
260
_b
Mac Millian And Com. Ltd
650
_a
Hindi
942
_c
BK
999
_c
15344
_d
15344